Normal view
MARC view
Entry Personal Name
001 - CONTROL NUMBER
- control field: 7940
003 - CONTROL NUMBER IDENTIFIER
- control field: OSt
005 - DATE AND TIME OF LATEST TRANSACTION
- control field: 20211028144312.0
008 - FIXED-LENGTH DATA ELEMENTS
- fixed length control field: 211028|| aca||aabn | a|a d
040 ## - CATALOGING SOURCE
- Original cataloging agency: OSt
- Transcribing agency: OSt
100 ## - HEADING--PERSONAL NAME
- Personal name: Shetty, Shreya; D Souza, Rayan.
- Miscellaneous information: 1616187
670 ## - SOURCE DATA FOUND
- Source citation: Work cat.: (OSt): Shetty, Shreya; D Souza, Rayan. 1616187, Project report on the assessment of training and development programmes at New Mangalore Port Trust Mangalore., 2018